000 00558nam a22001697a 4500
003 AUA.1
005 20251107085929.0
008 250714b |||||||| |||| 00| 0 eng d
040 _cJTL
100 _aKakou, Solomon Tanoh
245 _aIntercessory prayer ministry as a missiological approach among Muslims in Abidjan city /
_cTanoh Kakou Salomon.
260 _cc2025,
300 _aix, 96 leaves :
_bIllustrations :
_c30cm.
650 _aIntercessory prayer
650 _aMissions to Muslims
942 _2aua
_cPROJECT
_hMA Miss
_i.S25 2025
999 _c25220
_d25220